Top 25 des entreprises les plus riches en 2020 - Statistiques

Statistiques générales
  • Ce quiz a été pris 835 fois
  • Le résultat moyen est 10 sur 25
Statistiques - réponses
Classement Entreprise Catégorie Valeur (en million de $) Origine % Correct
2 Apple Technologie 352.206 Etats-Unis
95%
1 Amazon Vente 415.855 Etats-Unis
89%
9 Mcdonald's Fast Food 129.321 Etats-Unis
80%
3 Microsoft Technologie 326.544 Etats-Unis
79%
13 Coca Cola Boisson 84.022 Etats-Unis
77%
4 Google Technologie 323.604 Etats-Unis
70%
8 Facebook Technologie 147.190 Etats-Unis
66%
19 Louis Vuitton Luxe 51.777 France
58%
23 PayPal Paiement 48.453 Etats-Unis
55%
5 Visa Paiement 186.809 Etats-Unis
53%
6 Alibaba Vente 152.523 Chine
50%
10 Mastercard Paiement 108.129 Etats-Unis
47%
21 Nike Vêtements 49.962 Etats-Unis
40%
22 Disney Divertissement 48.802 Etats-Unis
27%
15 Marlboro Tabac 58.247 Etats-Unis
26%
24 Starbucks Fast Food 47.753 Etats-Unis
19%
7 Tencent Technologie 150.978 Chine
15%
11 AT&T Télécommunication 105.833 Etats-Unis
11%
20 UPS Logistic 50.748 Etats-Unis
10%
14 IBM Technologie 83.667 Etats-Unis
9%
12 Verizon Télécommunication 94.662 Etats-Unis
7%
17 SAP Technologie 57.578 Allemagne
5%
16 Home depot Vente 57.583 Etats-Unis
1%
18 Maotai Alcool 53.755 Chine
1%
25 Xfinity Télécommunication 46.973 Etats-Unis
0%
Aucun quiz correspondant
Distribution des résultats
% des personnes avec chaque résultat
Percentile par nombre de réponses
Votre historique - résultats
Vous n’avez pas pris ce quiz